000 01211cam a2200253 i 4500
005 20260202095528.0
008 250721s2003 jo gr 000 0 ara d
082 1 4 _a370.9565
_bم ن ا
100 1 _aالمناصير، هيثم
_eمعد.
245 1 0 _aشؤون التربية والتعليم في عهد جلالة الملك عبداله الثاني بن الحسين المعظم - إنجازات وتطلعات /
_cإعداد هيثم خليل المناصير ؛ مراجعة وتدقيق عبدالله المناصير ؛ عامر الرقب ؛ هيا العبادي.
264 3 1 _aعمان :
_bهيثم خليل المناصسر،
_c2003.
300 _a600 صفحة.
490 0 _aسلسلة الأجندة الملكية.
650 1 7 _aالتربية.
650 1 7 _aالتعليم.
650 1 7 _aعهد جلالة الملك عبد الله الثاني /1999.
650 1 7 _aتاريخ الأردن.
700 1 _aالرقب، عامر
_eمدقق.
700 1 _aالعبادي، هيا
_eمدقق.
700 1 _aالمناصير، عبدالله
_eمدقق.
830 0 _aسلسلة الأجندة الملكية.
942 _2ddc
_cBK
999 _c93530
_d93530